000 00813nam a2200265 a 4500
001 BRL_830
005 20190320210921.0
008 141013s1955----gw-a######---#000-0#ger-#
041 _ager
044 _agw
050 4 _aDS66
_b.R54 1955
100 1 _aRiemschneidert, Margarete
_925069
245 1 0 _aDie Welt der Hethiter
_cvon Margarete Riemschneider ; mit einem Vorwort von Helmuth Th. Bossert.
260 _aStuttgart
_bGustav Kilpper
_c1955
300 _a259 p.
_bil., 108 láminas
_c27 cm.
440 0 _aGrosse Kulturen der Frühzeit
_925070
500 _aAu933
504 _aBibliografía: p. 251-254
650 1 4 _aHititas
_xHistoria
_925071
650 1 4 _aHititas
_xAntigüedades
_925072
650 1 4 _aHititas
_xArte
_925073
700 1 _aBossert, Helmuth Th.
_925074
902 _aGRL
942 _2lcc
_cB
999 _c9642
_d9642